000 01364nam a2200349 c 4500
003 BLK
005 20231128005218.0
008 180410b bul|||||r ||||||| ||bul||
010 _aKNG00150139000
020 _a978-954-390-075-6
_bиздат.: SkyPrint
040 _aBLK
041 _aBUL
_cBUL
072 7 _2bullib
_aН83
_xЧужда художествена литература Н
080 _aАмериканска литература (на САЩ)
_b821.111(73)
_x-31
_z821.111(73)-31
100 1 _aАндрюс, Анди
_eпърви автор
_9321916
700 _aПрошкова, Весела Богомилова
_d1950-
_9365223
139 _aАндрюс, Анди
_bА 66
245 1 0 _aЗавръщане в Сойертън Спрингс
_bРоман
_cАнди Андрюс; прев. от англ. Весела Богомилова Прошкова.
257 _aUSA
260 София
_bSkyPrint
_c2011
_fСофия : Д. Благоев
300 _a246 с.
_c21 см
380 _aX
500 _aОриг. загл. Return to Sawerton Springs / Andy Andrews.
653 _aромани
659 _aН
852 _aЦб 264406
856 4 _qpdf
_u
856 4 _qpdf
_u
942 _cKNG
_n0
_05
944 _aCR
_c09.09.2013
_lCRON CRON
_k
944 _aED
_c26.10.2015
_lф /
_kЛюдмила_Стоянова
999 _c143990
_d143990